000 00528nam a2200157 a 4500
008 060316s1975 ||||||||||||||||| || u
020 _a0333176413
050 _aTA 403 Joh
100 _aJohn, Vernon
245 1 0 _aMaterials for technology students
260 _aLondon :
_bMacmillan
_c1975
300 _axiii, 232 p. : ill.
350 _a0.00
650 0 _aMATERIALS
995 _D0.00
_FCBU-MAIN LIBRARY (Kitwe)
_H1
_I5.10
_M1
_UAVAILABLE
_ZMain Library Open Access Collection
999 _c50605
_d50605